The American yoga association's beginner's manual / (Record no. 60)

MARC details
000 -LEADER
fixed length control field 01052cam a2200289 a 4500
005 - DATE AND TIME OF LATEST TRANSACTION
control field 20260322212004.0
008 - FIXED-LENGTH DATA ELEMENTS--GENERAL INFORMATION
fixed length control field data
010 ## - LIBRARY OF CONGRESS CONTROL NUMBER
LC control number 2001040748
020 ## - INTERNATIONAL STANDARD BOOK NUMBER
International Standard Book Number 0743219414
020 ## - INTERNATIONAL STANDARD BOOK NUMBER
International Standard Book Number 9780743219419
040 ## - CATALOGING SOURCE
Original cataloging agency DLC
Transcribing agency DLC
Modifying agency DLC
050 00 - LIBRARY OF CONGRESS CALL NUMBER
Classification number RA781.7
Item number .C48635 2002
082 00 - DEWEY DECIMAL CLASSIFICATION NUMBER
Classification number 613.7/046
Edition information 21
092 ## - LOCALLY ASSIGNED DEWEY CALL NUMBER (OCLC)
Classification number 613.7 C48635 2002
001 - CONTROL NUMBER
control field data
100 1# - MAIN ENTRY--PERSONAL NAME
Personal name Christensen, Alice.
245 14 - TITLE STATEMENT
Title The American yoga association's beginner's manual /
Statement of responsibility, etc. Alice Christensen.
260 ## - PUBLICATION, DISTRIBUTION, ETC.
Place of publication, distribution, etc. New York :
Name of publisher, distributor, etc. Simon & Schuster,
Date of publication, distribution, etc. 2002.
300 ## - PHYSICAL DESCRIPTION
Extent 238 p. :
Other physical details ill. ;
Dimensions 24 cm.
500 ## - GENERAL NOTE
General note "A Fireside book."
500 ## - GENERAL NOTE
General note Includes index.
650 #0 - SUBJECT ADDED ENTRY--TOPICAL TERM
Topical term or geographic name entry element Hatha yoga.
856 42 - ELECTRONIC LOCATION AND ACCESS
Materials specified Contributor biographical information
Uniform Resource Identifier <a href="http://www.loc.gov/catdir/bios/simon052/2001040748.html">http://www.loc.gov/catdir/bios/simon052/2001040748.html</a>
856 42 - ELECTRONIC LOCATION AND ACCESS
Materials specified Publisher description
Uniform Resource Identifier <a href="http://www.loc.gov/catdir/description/simon031/2001040748.html">http://www.loc.gov/catdir/description/simon031/2001040748.html</a>
856 41 - ELECTRONIC LOCATION AND ACCESS
Materials specified Table of contents only
Uniform Resource Identifier <a href="http://www.loc.gov/catdir/enhancements/fy0631/2001040748-t.html">http://www.loc.gov/catdir/enhancements/fy0631/2001040748-t.html</a>
856 41 - ELECTRONIC LOCATION AND ACCESS
Materials specified Sample text
Uniform Resource Identifier <a href="http://www.loc.gov/catdir/enhancements/fy0641/2001040748-s.html">http://www.loc.gov/catdir/enhancements/fy0641/2001040748-s.html</a>
Holdings
Withdrawn status Lost status Damaged status Not for loan Home library Current library Shelving location Date acquired Total checkouts Full call number Barcode Date last seen Price effective from Koha item type
        Riverside Riverside General stacks 22/03/2026   613.7/046 21 BC0010061 22/03/2026 22/03/2026 Books